000
00228nmm a2200085Ia 4500
008
220120s9999||||xx |||||||||||||||||und||
100
_a
EFY
245
0
_a
Design and simulation ; e books, datasheets, circuits, fun s
260
_c
2008
999
_c
138595
_d
138595